LEADER 01027nam a2200205 i 4500 001 000000133142 003 CaOOAMICUS 005 20170207000000.0 008 170207n it u000 u ita u 013 $a106160 040 $aSeMil$bita 100 1 $aGhislanzoni, Antonio <1824-1893>.$0(OLS)http://semarc/name/90586 245 13$aUn capriccio della rivoluzione ; Gli scrocconi politici ; Memorie di un ex-seminarista ambrosiano /$cAntonio Ghislanzoni. 260 $aMilano :$bFratelli Terzaghi,$c[18-?] 300 $a96 p., [6] c. di tav. :$bill. ;$c28 cm. 500 $aIn testa al front.: Amena letteratura contemporanea. - Per l'Ed., cfr. SBN. - Manca il front. - Dati ms. in copertina. 850 $aSeMil 852 $aSeMil$W1$xVenegono$y1$m1H VII 14 FA$j87011$B87011$CSeMilBibl$Z2$F90810 $8I 996 $6245$aUn capriccio della rivoluzione ; Gli scrocconi politici ; Memorie di un ex-seminarista ambrosiano$9(OLS)http://semarc/title/408280 996 $6260$aMilano :$bFratelli Terzaghi$9(OLS)http://semarc/publisher/57215 LEADER 00418naa a2200145 i 4500 001 000000307422 003 CaOOAMICUS 005 20180831172916.0 008 180831n xx u000 u und u 013 $a16137 040 $aSeMil$bita 100 1 $aGuellouz, Azzedine.$0(OLS)http://semarc/name/86095 245 12$aL'Islam. 650 4$aIslamismo.$0(OLS)http://semarc/subject/776 996 $6245$aL'Islam$9(OLS)http://semarc/title/382786